00332pab a2200133 454500008004000000100001400040245006100054260000900115300001500124362000800139650001800147650001500165773001800180180718b2011 xxu||||| |||| 00| 0 eng d aLee, Neil aEthnic diversity and employment growth in English cities c2011 ap.407-425. aFeb aEthnic groups aEmployment aUrban Studies